Statistics for Riders on the Storm - The Doors | Guess the Lyrics

Click here to take the quiz!

General Stats

  • This quiz has been taken 11 times
  • The average score is 125 of 154

Answer Stats

Answer% Correct
a
100%
the
100%
The
100%
An
89%
born
89%
Into
89%
man,
89%
man
89%
on
89%
ride
89%
Riders
89%
storm
89%
Take
89%
this
89%
we're
89%
world
89%
world,
89%
bone
78%
by
78%
dog
78%
give
78%
hand
78%
him
78%
life
78%
like
78%
Like
78%
love
78%
thrown
78%
will
78%
without
78%
you
78%
your
78%
actor
67%
die
67%
Girl,
67%
Gotta
67%
gotta
67%
If
67%
is
67%
Killer
67%
killer
67%
Let
67%
loan
67%
Make
67%
out
67%
road
67%
road,
67%
Sweet
67%
There's
67%
understand
67%
yeah
67%
brain
56%
children
56%
His
56%
holiday
56%
house,
56%
long
56%
never
56%
play
56%
squirmin'
56%
toad
56%
depends
44%
end
44%
family
44%
Our
44%

Score Distribution

Percentile by Number Answered

Percent of People with Each Score

Your Score History

You have not taken this quiz